Biblioteca

La mayordomía de la creación (Registro nro. 52148)

Detalles MARC
000 -LÍDER
Campo fijo de descripción fija 01104aab a2200193 i 4500
001 - NÚMERO DE CONTROL
Campo de control 768714001
003 - IDENTIFICADOR DEL NÚMERO DE CONTROL
Campo de control CO-MdFUSB
005 - FECHA Y HORA DE LA ULTIMA TRANSACCIÓN
control field 20240422082434.0
008 - ELEMENTOS DE LONGITUD FIJA -- INFORMACIÓN GENERAL
Campo fijo de descripción fija -- Información general 221010s1995 ag ||||| |||| 00| 0 spa d
040 ## - FUENTE DE CATALOGACIÓN
Idioma de catalogación spa
Agencia que realiza la transcripción CO-MdFUSB
Agencia que realiza la modificación CO-MdFUSB
041 ## - CÓDIGO DE IDIOMA
Código de idioma para texto/pista de sonido o título separado spa
100 1# - ASIENTO PRINCIPAL--NOMBRE PERSONAL
Nombre personal Padilla, C. René
Término relacionador autor
245 10 - TÍTULO
Título La mayordomía de la creación
Mención de responsabilidad / C. René Padilla
300 ## - DESCRIPCIÓN FÍSICA
Extensión Volumen 14, número 4 (octubre - diciembre, 1995), páginas: 4 -5
Dimensiones ; 27 cm
520 ## - NOTA DE RESUMEN, ETC.
Nota de sumario, etc. El punto de partida para la acción cristiana frente a los problemas ambientales es el redescubrimiento del concepto biblico de la mayordomía de la creación: el hombre, que fue hecho "del polvo de la tierra" como parte de la creación, es portador de la imagen de Dios, está llamado a ejercer dominio sobre la creación a la vez que el señorío responsable sobre ella son los dos aspectos inseparables de la vocación que Dios dio al hombre en el Planeta Tierra.
650 #7 - ASIENTO SECUNDARIO DE MATERIA - TERMINO TEMÁTICO
9 (RLIN) 251
Término temático o nombre geográfico como elemento de entrada Creación
773 0# - ASIENTO DE ITEM FUENTE
Título Iglesia y Misión
Biblionumber 49402
Itemnumber 59642
Parte(s) relacionada(s) / Volumen., número. (mes año), páginas Volumen 14, número 4 (octubre - diciembre, 1995), páginas: 4 - 5
Enumeración y primera página Páginas 4
942 ## - TIPO DE MATERIAL (KOHA)
Tipo de Item KOHA Artículos de Revista

No hay ítems disponibles.

Biblioteca FUSBC | Teléfono: (57+4) 349 88 10 Ext. 141| WhatsApp (+57) 3005338115 
E-mail: biblioteca@unisbc.edu.co | Calle 76 87-14 Robledo Palenque, Medellín, Colombia

Con tecnología Koha